LEADER 00749nab a2200133 i 4500 001 000000327758 003 CaOOAMICUS 005 20180831173548.0 008 180831n it uu u0 0ita r 013 $a39349 040 $aSeMil$bita 245 13$aUn vivo senso dello Stato... Ambrogio nutrì tuttavia un vivo senso dello Stato e della sua dignità... Il magistero del card. Colombo, Il magistero del card. Martini. - In [rubrica] :$bAnno Santambrosiano. 773 0 $t[DICEMBRE 1997]. - 32 p.$gp.10-11$w()290624 996 $6245$aUn vivo senso dello Stato... Ambrogio nutrì tuttavia un vivo senso dello Stato e della sua dignità... Il magistero del card. Colombo, Il magistero del card. Martini. - In [rubrica] :$bAnno Santambrosiano.$9(OLS)http://semarc/title/416370 LEADER 00859nam a2200181 i 4500 001 000000025390 003 CaOOAMICUS 005 20180830125446.0 008 180830n it u000 u ita u 040 $aSeMil$bita 100 1 $aBeonio-Brocchieri, Vittorio <1902-1979>.$0(OLS)http://semarc/name/11256 245 10$aTrattato di Storia delle dottrine politiche /$cV. Beonio-Brocchieri. 260 $aMilano :$bUlrico Hoepli,$c[193?] 300 $av. ;$c23 cm. 773 0 $tStudi giuridici politici, economici e sociali.$dMilano : Hoepli, 1934[?]$w()24470 774 0 $tConcezione dell'ordine ecumenico nell'esperienza politica di Roma.$kStudi giuridici politici, economici e sociali$gVolume3$w()205715 996 $6245$aTrattato di Storia delle dottrine politiche$9(OLS)http://semarc/title/34201 996 $6260$aMilano :$bUlrico Hoepli$9(OLS)http://semarc/publisher/29765